Egy lehetséges terápia föbb dimenziói.

Charakteristické znaky nezamestnanosti v Maďarsku. Prostriedky riešenia nezamestnanosti. Úrovne znižovania nezamestnanosti (celoštátna, regionálna, individuálna). Koncepcia alternatívnej politiky zamestnanosti. Psychologické aspekty riešenia problémov nezamestnanosti.

Gespeichert in:
Bibliographische Detailangaben
1. Verfasser: Mátyási, S.
Weitere Verfasser: Benedek, L., Gordos, N.
Format: Buchkapitel
Sprache:Ungarisch
Schlagworte:
Tags: Tag hinzufügen
Keine Tags, Fügen Sie das erste Tag hinzu!

MARC

LEADER 00000naa a2200000 4500
001 r010827
005 20221125113501.6
041 0 |a hun 
044 |a HU 
245 1 0 |a Egy lehetséges terápia föbb dimenziói.  |c S. Mátyási, L. Benedek, N. Gordos 
520 |a Charakteristické znaky nezamestnanosti v Maďarsku. Prostriedky riešenia nezamestnanosti. Úrovne znižovania nezamestnanosti (celoštátna, regionálna, individuálna). Koncepcia alternatívnej politiky zamestnanosti. Psychologické aspekty riešenia problémov nezamestnanosti. 
610 2 0 |a nezamestnanosť 
610 2 0 |a MR 
610 2 0 |a zamestnanosť 
610 2 0 |a psychológia 
610 2 0 |a regióny 
100 1 |a Mátyási, S. 
700 1 |a Benedek, L. 
700 1 |a Gordos, N.